000 01118cam a2200313 a 4500
001 42380
003 OSt
005 20150728152446.0
008 090808q20111998njua b 000 0 eng
020 _a0136109594 (pbk.)
020 _a9780132294386
020 _a0132294389
035 _a(OCoLC)ocn430192668
040 _aDLC
_cDLC
_dYDX
050 0 0 _aHD62.7
_b.Z55 2011
082 0 0 _a658.02/2
_222
100 1 _aScarborough, Norman M.
245 1 0 _aEssentials of entrepreneurship and small business management /
_cNorman M. Scarborough.
250 _a6th ed.
260 _aUpper Saddle River, N.J. :
_bPrentice Hall,
_cc2011.
300 _axvii, 630 p. :
_bill. (chiefly col.) ;
_c28 cm.
504 _aIncludes bibliographical references and indexes.
650 0 _aSmall business
_xManagement.
650 0 _aNew business enterprises
_xManagement.
650 0 _aEntrepreneurship.
906 _a7
_bcbc
_corignew
_d1
_eecip
_f20
_gy-gencatlg
942 _2ddc
_cBK
999 _c4208
_d4208